书目信息 |
| 题名: |
马克思恩格斯法律思想史
|
|
| 作者: | 李光灿 , 吕世伦 主编 | |
| 分册: | ||
| 出版信息: | 北京 法律出版社 |
|
| 页数: | 760页 | |
| 开本: | 21cm | |
| 丛书名: | ||
| 单 册: | ||
| 中图分类: | A811.64 | |
| 科图分类: | ||
| 主题词: | 马恩著作研究--专题汇编--法律 | |
| 电子资源: | ||
| ISBN: | 7-5036-0644-4 | |
| 000 | 00687nam0 2200217 45 | |
| 001 | 0404230965 | |
| 005 | 20050527085813.4 | |
| 010 | @a7-5036-0644-4@dCNY14.80 | |
| 100 | @a20040423d km y0chiy0120 ea | |
| 101 | 0 | @achi |
| 105 | @a z 000yy | |
| 200 | 1 | @a马克思恩格斯法律思想史@AMa Ke Si En Ge Si Fa Lu Si Xiang Shi@f李光灿,吕世伦主编@FLi Guang Can,Lu Shi Lun Zhu Bian |
| 210 | @a北京@c法律出版社 | |
| 215 | @a760页@d21cm | |
| 300 | @a国家第一批博士点研究项目高等学校法学研究生试用教材 | |
| 606 | 0 | @a马恩著作研究@x专题汇编@x法律 |
| 690 | @aA811.64@v3 | |
| 701 | 0 | @a李光灿@4主编 |
| 701 | 0 | @a吕世伦@4主编 |
| 801 | @aCN@bPftUser@c20040423 | |
| 905 | @dA811.64@e148@f1@b251701 | |
| 马克思恩格斯法律思想史/李光灿,吕世伦主编.-北京:法律出版社 |
| 760页;21cm |
| 国家第一批博士点研究项目高等学校法学研究生试用教材 |
| ISBN 7-5036-0644-4:CNY14.80 |
| ● |
| 相关链接 |
|
|
|
|
正题名:马克思恩格斯法律思想史
索取号:A811.64/148
 
预约/预借
| 序号 | 登录号 | 条形码 | 馆藏地/架位号 | 状态 | 备注 |
| 1 | 0251700 | 000959430 | 第一借阅区/ [索取号:A811.64/148] | 在馆 | |
| 2 | 0251701 | 000959403 | 第一样本阅览室/ [索取号:A811.64/148] | 在馆 |